000 02260nam a2200289 a 4500
001
003 DO-SdBNP
005 20211108072139.0
008 150825s 2000 dr r 000 0 spa d
020 _a999348024X
040 _aDO-SdBNP
_bspa
_cBPMSU
082 _aRD868.44
_bB742e 2000
_222
100 1 _aBosch, Juan,
_d1909-2001
_91
245 1 0 _aEn primera persona :
_bentrevistas con Juan Bosch /
_ceditor Guillermo Piña Contreras ; presentación José Rafael Lantigua.
260 _aSanto Domingo :
_bComisión permanente de la Feria del Libro,
_c2000.
300 _a253 p. ;
_c23 cm.
500 _aIncluye referencias bibliográficas y notas a pie de las páginas.
500 _aIncluye datos biográficos de los autores de las entrevistas.
505 0 _aCreación literaria y actividad política 21 -- Literatura y experiencia literaria / Guilllermo Piña Contreras 21 -- Encuentro con Juan Bosch / Mateo Morrison y Federico Jóvine Bermúdez 55 -- Entrevista con Juan Bosch / Bruno Rosario Candelier 69 -- Encuentro con Juan Bosch : en busca del tiempo perdido / Lil despradel -- Juan Bosch y el arte de escribir cuentos / José Alcántara Almanzar 131 -- Diálogo íntimo con Juan Bosch / Leonel Fernández 137 -- Cuentos de Santo Domingo / Lionel Richard 147 -- Los 80 años de un gran escritor : Juan Bosch o la pasión social / Miguel Aníbal Perdomo 147 -- Juan Bosch : para mí, Jesús es un personaje histórico / Antonio Lluberes 155 -- Juan Bosch : he leido el Quijote 21 veces / José Rafael Lantigua 159 -- Actividad y praxis políticas 169 -- Entrevista a Juan Bosch / Félix Jiménez -- Hablando con Juan Bosch / Kal Wagenheim 181 -- Juan Bosch : el porvenir de América Latina / Elena de la Souchere -- El Profesor [Bosch] entre los asesinos 199 -- Entrevista con el profesor Juan Bosch / Emma Tavárez Justo 227 -- Juan Bosch : la democracia en América Latina / Martin Murphy 233
600 1 4 _aBosch, Juan
_d1909-2001
_vEntrevistas
651 4 _aRepública Dominicana
_xPolítica y gobierno.
_y1961
_b
700 1 _aPiña Contreras, Guillermo,
_eed.
700 1 2 _aLantigua, José Rafael, 1949-
_epres.
710 2 _aComisión Permanente de la Feria del Libro (República Dominicana)
910 _aVMateo V.
942 _2ddc
_cBK
999 _c13844
_d13844